000
00218 a2200097 4500
001
44181
100
_a
Vries, S.De
245
_a
an atlas of world history
260
_a
Nelson
_b
Thomas nelson
_c
090
_c
27921
_d
27921
942
_a
NUST-CAE
_c
M
_c
19915
999
_c
279254
_d
279254